| 000 | 01185nam a22002657a 4500 | ||
|---|---|---|---|
| 003 | OSt | ||
| 005 | 20230111104950.0 | ||
| 007 | cr ||||||a|c|a | ||
| 008 | 230110s2021 mx a|||fom||| 001 0 spa d | ||
| 040 | _erda | ||
| 100 | 1 |
_9127872 _aRojas Estrada, Liliana Iveth |
|
| 245 | 1 |
_aVulnerabilidad al fuego en áreas forestales del Campo Experimental Las Cruces mediante un análisis multicriterio / _cpor Liliana Iveth Rojas Estrada; director de tesis José Luis Romo Lozano. |
|
| 264 | 1 |
_aChapingo, México : _bEl autor, _c2021. |
|
| 300 |
_a1 recurso en línea (79 páginas). _bcuadros, figuras. |
||
| 336 |
_2rdacontent _atexto _btxt |
||
| 337 |
_2rdamedia _acomputadora _bc |
||
| 338 |
_2rdacarrier _arecurso en línea _bcr |
||
| 502 |
_bMCCF _cDICIFO _d2021. _gMAE |
||
| 504 | _aIncluye referencias bibliográficas: páginas 19-20,34-37,45-50,74-79. | ||
| 650 | 4 |
_9132719 _aIncendios forestales _xPrevención y control |
|
| 650 | 4 |
_914211 _aBosques _xIncendios |
|
| 700 | 1 |
_999719 _aRomo Lozano, José Luis _eDirector de tesis. |
|
| 856 |
_uhttp://10.13.5.2/tesis/tm/2021_FO_Rojas_Estrada_LilianaIveth.pdf _zDESCARGAR PDF |
||
| 942 |
_2Clasificación Universidad Autónoma Chapingo _cTD |
||
| 999 |
_c217979 _d217979 |
||